Trade, networks, and hierarchies : (Record no. 1349)
[ view plain ]
| 000 -LEADER | |
|---|---|
| fixed length control field | 00838cam a2200241 4500 |
| 001 - CONTROL NUMBER | |
| control field | 1774 |
| 005 - DATE AND TIME OF LATEST TRANSACTION | |
| control field | 20181127163954.0 |
| 008 - FIXED-LENGTH DATA ELEMENTS--GENERAL INFORMATION | |
| fixed length control field | 020322s2002 gw ab b 001 0 eng |
| 010 ## - LIBRARY OF CONGRESS CONTROL NUMBER | |
| LC control number | 2002021731 |
| 020 ## - INTERNATIONAL STANDARD BOOK NUMBER | |
| International Standard Book Number | 3540430873 (alk. paper) |
| 245 00 - TITLE STATEMENT | |
| Title | Trade, networks, and hierarchies : |
| Remainder of title | modeling regional and interregional economies / |
| Statement of responsibility, etc. | Geoffrey J.D. Hewings, Michael Sonis, David Boyce, editors. |
| 260 ## - PUBLICATION, DISTRIBUTION, ETC. | |
| Place of publication, distribution, etc. | Berlin : |
| Name of publisher, distributor, etc. | Springer, |
| Date of publication, distribution, etc. | c2002. |
| 300 ## - PHYSICAL DESCRIPTION | |
| Extent | xi, 467 p. : |
| Other physical details | ill., maps ; |
| Dimensions | 24 cm. |
| 440 #0 - SERIES STATEMENT/ADDED ENTRY--TITLE | |
| Title | Advances in spatial science |
| 504 ## - BIBLIOGRAPHY, ETC. NOTE | |
| Bibliography, etc. note | Includes bibliographical references and index. |
| 650 #0 - SUBJECT ADDED ENTRY--TOPICAL TERM | |
| Topical term or geographic name entry element | International economic relations. |
| Topical term or geographic name entry element | Regional economics. |
| Topical term or geographic name entry element | Regional planning. |
| Topical term or geographic name entry element | Space in economics. |
| 700 1# - ADDED ENTRY--PERSONAL NAME | |
| Personal name | Boyce, David E. |
| Personal name | Hewings, Geoffrey. |
| Personal name | Sonis, Michael. |
| Withdrawn status | Lost status | Source of classification or shelving scheme | Damaged status | Not for loan | Collection code | Home library | Current library | Shelving location | Serial Enumeration / chronology | Inventory number | Total Checkouts | Full call number | Barcode | Date last seen | Price effective from | Koha item type |
|---|---|---|---|---|---|---|---|---|---|---|---|---|---|---|---|---|
| Dewey Decimal Classification | Main TEST | RTC Library | RTC Library | Main opac | 765 | 330.9 HEW | 30001664 | 27/11/2018 | 27/11/2018 | Main |